[Event "Drogheda Congress (Thomson Masters) 2023"]
[Site "Drogheda IRL"]
[Date "2023.06.04"]
[Round "4.5"]
[White "Singpurwala, Kevin"]
[Black "Crowley, James"]
[Result "0-1"]
[WhiteElo "1847"]
[BlackElo "1858"]
[WhiteICU "1792"]
[BlackICU "1900"]
[WhiteClub "Dublin"]
[BlackClub "Gonzaga"]
[WhiteNationality "IRL"]
[BlackNationality "IRL"]
[WhiteFideId "2508583"]
[BlackFideId "2512580"]
[PlyCount "104"]
[EventDate "2023.06.03"]
[Source "Live boards"]

{ Event information: <a href="../pairings_drogheda2023.html">Tournament
report</a>. }

1. d4 Nf6 2. Nf3 b6 3. c4 Bb7 4. Nc3 e6 5. Qc2 d5 6. cxd5 exd5 7. Bf4 Bd6
8. Bxd6 Qxd6 9. e3 a6 10. Be2 Nbd7 11. O-O O-O 12. Rfd1 Rfe8 13. Rac1 c5
14. dxc5 Nxc5 15. Nd4 Rac8 16. Bf3 g6 17. Qb1 Qe5 18. Nce2 Nce4 19. Rxc8
Bxc8 20. Nc6 Qd6 21. Ncd4 Qe5 22. Qd3 Nc5 23. Qc2 Bb7 24. Nf4 Rc8 25. Qd2
a5 26. b4 Nfe4 27. Qe1 Na4 28. Nd3 Qc7 29. Rc1 Qd8 30. Rxc8 Bxc8 31. Bd1
Nec3 32. Bb3 axb4 33. Nxb4 Bb7 34. h3 Qd6 35. Ndc2 Bc6 36. a3 Qc5 37. Nd4
Bb5 38. Bc2 Ne4 39. Bb3 Nac3 40. f3 Nf6 41. Qd2 Ba4 42. Bxa4 Nxa4 43. Ne2
Qc4 44. Nf4 Nc3 45. Kh2 Kg7 46. Qb2 d4 47. e4 Qc7 48. g3 g5 49. Nfd3 Qc4
50. Qd2 h6 51. f4 $4 (51. Kg2 $10) 51... Nfxe4 $19 52. fxg5 $4 Nxd2 0-1

[Event "Drogheda Congress (Thomson Masters) 2023"]
[Site "Drogheda IRL"]
[Date "2023.06.04"]
[Round "4.6"]
[White "Putar, Leon"]
[Black "Goss, Alex"]
[Result "1-0"]
[WhiteElo "2081"]
[BlackElo "1871"]
[WhiteICU "2047"]
[BlackICU "1775"]
[WhiteClub "St. Benildus"]
[BlackClub "Gonzaga"]
[WhiteNationality "IRL"]
[BlackNationality "IRL"]
[WhiteFideId "14546612"]
[BlackFideId "2509407"]
[PlyCount "67"]
[EventDate "2023.06.03"]
[Source "Live boards"]

{ Event information: <a href="../pairings_drogheda2023.html">Tournament
report</a>. }

1. e4 e6 2. d4 d5 3. Nc3 Nf6 4. e5 Nfd7 5. f4 c5 6. Nf3 Nc6 7. Be3 f6 8.
exf6 Qxf6 9. Qd2 a6 10. a4 Bd6 11. g3 b6 12. Bh3 cxd4 13. Nxd4 Nxd4 14.
Bxd4 Qh6 15. Bg2 Bb7 16. Qe3 O-O 17. O-O Bc5 18. Rfe1 Rae8 19. Rad1 Ba8 20.
Qd3 Bb7 21. Ne2 Nb8 22. Qb3 Bc6 23. a5 Nd7 24. axb6 Bb5 25. Bxc5 Nxc5 26.
Qb4 Nb7 27. Nd4 Bd7 28. Re5 a5 29. Qa3 a4 30. Qb4 Kh8 31. Rde1 Nd8 32. b7
Nc6 33. Nxc6 Bxc6 34. Rxe6 1-0

[Event "Drogheda Congress (Thomson Masters) 2023"]
[Site "Drogheda IRL"]
[Date "2023.06.05"]
[Round "5.1"]
[White "Brady, Stephen"]
[Black "Flynn, Jacob"]
[Result "1/2-1/2"]
[WhiteTitle "FM"]
[BlackTitle "CM"]
[WhiteElo "2262"]
[BlackElo "2117"]
[WhiteICU "2271"]
[BlackICU "2134"]
[WhiteClub "St. Benildus"]
[BlackClub "Malahide"]
[WhiteNationality "IRL"]
[BlackNationality "IRL"]
[WhiteFideId "2500124"]
[BlackFideId "2509393"]
[PlyCount "51"]
[EventDate "2023.06.03"]
[Source "Live boards"]

{ Event information: <a href="../pairings_drogheda2023.html">Tournament
report</a>. }

1. Nf3 Nf6 2. c4 c5 3. Nc3 Nc6 4. g3 e6 5. Bg2 d5 6. cxd5 exd5 7. d4 cxd4
8. Nxd4 Bc5 9. Nb3 Bb6 10. O-O d4 11. Na4 O-O 12. Nxb6 axb6 13. Bg5 Re8 14.
Bxc6 bxc6 15. Qxd4 Qxd4 16. Nxd4 c5 17. Nb5 Rxe2 18. Rfe1 Rxa2 19. Nc3 Rxa1
20. Rxa1 Re8 21. Bxf6 gxf6 22. Nd5 Kg7 23. Nxb6 Be6 24. Na4 Rb8 25. Re1 Bd5
26. Nxc5 1/2-1/2

[Event "Drogheda Congress (Thomson Masters) 2023"]
[Site "Drogheda IRL"]
[Date "2023.06.05"]
[Round "5.2"]
[White "Mulay, Pratik"]
[Black "Daly, Colm"]
[Result "0-1"]
[BlackTitle "FM"]
[WhiteElo "1998"]
[BlackElo "2185"]
[BlackICU "2183"]
[BlackClub "Bray/Greystones"]
[WhiteNationality "IND"]
[BlackNationality "IRL"]
[WhiteFideId "5059690"]
[BlackFideId "2500434"]
[PlyCount "96"]
[EventDate "2023.06.03"]
[Source "Live boards"]

{ Event information: <a href="../pairings_drogheda2023.html">Tournament
report</a>. }

1. e4 e6 2. d4 d5 3. Nc3 Nf6 4. Bg5 Be7 5. e5 Nfd7 6. h4 a6 7. Bxe7 Qxe7 8.
f4 c5 9. Nf3 Nc6 10. Qd2 b5 11. h5 h6 12. O-O-O c4 13. f5 Nb6 14. f6 gxf6
15. exf6 Qxf6 16. Rh4 b4 17. Ne2 Rb8 18. Qf4 Qxf4+ 19. Nxf4 a5 20. Re1 Kf8
21. Nh3 Bd7 22. Rf4 Ke7 23. Nh4 Nc8 24. g4 Nd6 25. Bg2 Kd8 26. Nf3 Kc7 27.
Ne5 Rbf8 28. Ref1 Rfg8 29. Nf2 Be8 30. Bh3 Nb5 31. Nxc6 Kxc6 32. Nd1 Kd6
33. Kd2 Ke7 34. c3 Nd6 35. Ne3 Bc6 36. Bg2 Rb8 37. Re1 Kd7 38. Ref1 bxc3+
39. Kxc3 Rb4 40. Rxf7+ Nxf7 41. Rxf7+ Kd6 42. Rf6 Ke7 43. Rf2 Rg8 44. Nc2
Rbb8 45. Ne3 Bd7 46. Bxd5 exd5 47. Nxd5+ Kd6 48. Ne3 Rbf8 0-1

[Event "Drogheda Congress (Thomson Masters) 2023"]
[Site "Drogheda IRL"]
[Date "2023.06.05"]
[Round "5.3"]
[White "Crowley, James"]
[Black "Putar, Leon"]
[Result "1-0"]
[WhiteElo "1858"]
[BlackElo "2081"]
[WhiteICU "1900"]
[BlackICU "2047"]
[WhiteClub "Gonzaga"]
[BlackClub "St. Benildus"]
[WhiteNationality "IRL"]
[BlackNationality "IRL"]
[WhiteFideId "2512580"]
[BlackFideId "14546612"]
[PlyCount "87"]
[EventDate "2023.06.03"]
[Source "Live boards"]

{ Event information: <a href="../pairings_drogheda2023.html">Tournament
report</a>. }

1. e4 e6 2. d3 d5 3. Nd2 Nf6 4. Ngf3 c5 5. g3 Nc6 6. Bg2 Be7 7. O-O b6 8.
Re1 Qc7 9. c3 Ba6 10. Nf1 O-O-O 11. e5 Nd7 12. d4 cxd4 13. cxd4 Nb4 14. Bg5
Nb8 15. Rc1 N4c6 16. Bxe7 Qxe7 17. a3 Kb7 18. b4 Bc4 19. Rxc4 dxc4 20. b5
Na5 21. N3d2+ Kc8 22. Ne4 Qxa3 23. Ne3 Qb2 24. Nd6+ Rxd6 25. exd6 Rd8 26.
Qf3 Qxb5 27. Rc1 Rd7 28. Nxc4 Nxc4 29. Qd3 Kd8 30. Rxc4 Qa6 31. Qxh7 Rxd6
32. Bf1 Qb7 33. Qxg7 Ke7 34. Qg5+ Kd7 35. Qf6 Ke8 36. Qh8+ Ke7 37. Rc8 Nc6
38. Re8+ Kd7 39. Qf8 Kc7 40. Qxf7+ Rd7 41. Qf4+ e5 42. dxe5 b5 43. e6+ Rd6
44. Rg8 1-0

[Event "Drogheda Congress (Thomson Masters) 2023"]
[Site "Drogheda IRL"]
[Date "2023.06.05"]
[Round "5.4"]
[White "Gudauskas, Martynas"]
[Black "Hushpit, Lukian"]
[Result "0-1"]
[WhiteElo "1831"]
[BlackElo "1884"]
[BlackICU "1888"]
[WhiteNationality "LTU"]
[BlackNationality "UKR"]
[WhiteFideId "12810312"]
[BlackFideId "14189208"]
[PlyCount "58"]
[EventDate "2023.06.03"]
[Source "Live boards"]

{ Event information: <a href="../pairings_drogheda2023.html">Tournament
report</a>. }

1. Nf3 d5 2. g3 e6 3. Bg2 f5 4. O-O Nf6 5. d3 Be7 6. c4 O-O 7. Nc3 c6 8. e4
d4 9. Ne2 fxe4 10. dxe4 c5 11. e5 Nfd7 12. Nf4 Qb6 13. Bh3 Kh8 14. Nxe6 Re8
15. Nfg5 Bxg5 16. Qh5 Rxe6 17. Bxe6 Qxe6 18. Qxg5 Nxe5 19. Qd8+ Qg8 20. Qc7
Nbc6 21. Bf4 Nd3 22. Bd6 Bh3 23. Rfd1 Rc8 24. Qxb7 Qe6 25. Qxc8+ Qxc8 26.
Rxd3 Qf5 27. Rad1 Nb4 28. Rb3 Qe4 29. f3 Qe2 0-1

[Event "Drogheda Congress (Thomson Masters) 2023"]
[Site "Drogheda IRL"]
[Date "2023.06.05"]
[Round "5.5"]
[White "Putar, Lara"]
[Black "Campos Calvo-Sotelo, Juan"]
[Result "0-1"]
[WhiteElo "1975"]
[BlackElo "1849"]
[WhiteICU "1990"]
[WhiteClub "St. Benildus"]
[WhiteNationality "IRL"]
[BlackNationality "ESP"]
[WhiteFideId "14546604"]
[BlackFideId "2251540"]
[PlyCount "122"]
[EventDate "2023.06.03"]
[Source "Live boards"]

{ Event information: <a href="../pairings_drogheda2023.html">Tournament
report</a>. }

1. d4 b5 2. a4 b4 3. c4 bxc3 4. bxc3 e6 5. e4 Nf6 6. Bd3 Be7 7. e5 Nd5 8.
Qg4 g6 9. h4 Ba6 10. Be4 Bb7 11. c4 f5 12. exf6 Nxf6 13. Bxg6+ hxg6 14.
Qxg6+ Kf8 15. Bh6+ Rxh6 16. Qxh6+ Kf7 17. Nh3 Qg8 18. Ng5+ Ke8 19. Rh3 Na6
20. Rg3 Qf8 21. Qg6+ Kd8 22. h5 c5 23. h6 cxd4 24. h7 Kc7 25. Rh3 Bb4+ 26.
Kf1 Qc5 27. Na3 Bxa3 28. Rhxa3 Rf8 29. Qg7 Qxc4+ 30. Kg1 Qd5 31. Rf3 Nxh7
32. Rc1+ Bc6 33. Qxh7 Rxf3 34. Nxf3 Nc5 35. Qh2+ Kb7 36. Rb1+ Ka6 37. Qc7
d3 38. Qc8+ Nb7 39. Rd1 Qb3 40. Rd2 Qc3 41. Kh2 e5 42. Rd1 e4 43. Ng1 Qc2
44. Qg8 Qxd1 45. Qc4+ Kb6 46. Qd4+ Nc5 47. Qb4+ Ka6 48. Qxc5 Qxa4 49. Qc3
Qa5 50. Qc4+ Kb7 51. Nh3 d2 52. Qb3+ Kc7 53. Nf4 Qa1 54. Nd5+ Bxd5 55. Qxd5
d1=Q 56. Qc5+ Kb7 57. Qb4+ Kc6 58. Qc4+ Kd6 59. Qb4+ Ke6 60. Qc4+ Qd5 61.
Qc8 Qh5+ 0-1

[Event "Drogheda Congress (Thomson Masters) 2023"]
[Site "Drogheda IRL"]
[Date "2023.06.05"]
[Round "5.6"]
[White "Goss, Alex"]
[Black "Singpurwala, Kevin"]
[Result "1/2-1/2"]
[WhiteElo "1871"]
[BlackElo "1847"]
[WhiteICU "1775"]
[BlackICU "1792"]
[WhiteClub "Gonzaga"]
[BlackClub "Dublin"]
[WhiteNationality "IRL"]
[BlackNationality "IRL"]
[WhiteFideId "2509407"]
[BlackFideId "2508583"]
[PlyCount "63"]
[EventDate "2023.06.03"]
[Source "Live boards"]

{ Event information: <a href="../pairings_drogheda2023.html">Tournament
report</a>. }

1. d4 Nf6 2. Bf4 d6 3. e3 Bg4 4. f3 Bh5 5. c3 Nbd7 6. Nd2 Nd5 7. Bc4 Nxf4
8. exf4 e6 9. Qe2 Qe7 10. O-O-O d5 11. Bd3 Bg6 12. Re1 Qf6 13. g3 O-O-O 14.
Nb3 Kb8 15. Nh3 c5 16. dxc5 Nxc5 17. Nxc5 Bxc5 18. Rhf1 Bxd3 19. Qxd3 d4
20. c4 Qg6 21. Kc2 Rd7 22. Ng5 Bb6 23. Ne4 Rc8 24. Nd2 Qh5 25. h4 Qa5 26.
Kb1 Qb4 27. a3 Qa4 28. Re5 g6 29. Rc1 Bd8 30. Ka2 Bf6 31. Ree1 Bg7 32. Ne4
1/2-1/2

[Event "Drogheda Congress (Thomson Masters) 2023"]
[Site "Drogheda IRL"]
[Date "2023.06.05"]
[Round "6.1"]
[White "Flynn, Jacob"]
[Black "Daly, Colm"]
[Result "1/2-1/2"]
[WhiteTitle "CM"]
[BlackTitle "FM"]
[WhiteElo "2117"]
[BlackElo "2185"]
[WhiteICU "2134"]
[BlackICU "2183"]
[WhiteClub "Malahide"]
[BlackClub "Bray/Greystones"]
[WhiteNationality "IRL"]
[BlackNationality "IRL"]
[WhiteFideId "2509393"]
[BlackFideId "2500434"]
[PlyCount "72"]
[EventDate "2023.06.03"]
[Source "Live boards"]

{ Event information: <a href="../pairings_drogheda2023.html">Tournament
report</a>. }

1. d4 Nf6 2. c4 g6 3. Nc3 Bg7 4. e4 d6 5. Nf3 Bg4 6. Be2 Nfd7 7. Ng1 Bxe2
8. Ngxe2 c6 9. O-O Nb6 10. Qd3 a6 11. Be3 d5 12. b3 O-O 13. Rad1 e6 14. e5
N8d7 15. f4 f5 16. c5 Nc8 17. b4 b6 18. a4 Ne7 19. Bf2 Qb8 20. Bh4 Rf7 21.
Rb1 Qa7 22. a5 bxa5 23. bxa5 Qc7 24. Rb2 Nc8 25. Rfb1 Bf8 26. Be1 Ra7 27.
Na2 Ra8 28. Nec3 Bh6 29. Bd2 Ne7 30. Na4 Rff8 31. Nb6 Ra7 32. Nxd7 Qxd7 33.
Rb6 Rfa8 34. Rb8+ Rxb8 35. Rxb8+ Nc8 36. Qb3 Bf8 $18 { White is winning,
but secured clear first place by agreeing to a draw. } 1/2-1/2

[Event "Drogheda Congress (Thomson Masters) 2023"]
[Site "Drogheda IRL"]
[Date "2023.06.05"]
[Round "6.2"]
[White "Crowley, James"]
[Black "Brady, Stephen"]
[Result "1/2-1/2"]
[BlackTitle "FM"]
[WhiteElo "1858"]
[BlackElo "2262"]
[WhiteICU "1900"]
[BlackICU "2271"]
[WhiteClub "Gonzaga"]
[BlackClub "St. Benildus"]
[WhiteNationality "IRL"]
[BlackNationality "IRL"]
[WhiteFideId "2512580"]
[BlackFideId "2500124"]
[PlyCount "120"]
[EventDate "2023.06.03"]
[Source "Live boards"]

{ Event information: <a href="../pairings_drogheda2023.html">Tournament
report</a>. }

1. e4 d5 2. exd5 Qxd5 3. Nf3 Nf6 4. d4 Bg4 5. Be2 c6 6. O-O e6 7. h3 Bh5 8.
Bf4 Be7 9. Nbd2 O-O 10. c4 Qd8 11. Qc2 Nbd7 12. Rfd1 a5 13. Bh2 a4 14. a3
Qa5 15. c5 Bg6 16. Bd3 Bxd3 17. Qxd3 Rfd8 18. Nc4 Qa6 19. Qc2 Nd5 20. Rac1
Nf8 21. Bd6 b5 22. Bxe7 Nxe7 23. Nd6 Nc8 24. Ne4 Ra7 25. Ne5 Ne7 26. Nd6
Nc8 27. Ne4 Ne7 28. Nd6 f6 29. Nd3 Rad7 30. Nf4 Nc8 31. Nxc8 Qxc8 32. Ne2
Qc7 33. Re1 Rd5 34. Qe4 e5 35. dxe5 Rxe5 36. Qb4 Ne6 37. Ng3 Rd4 38. Qc3
Rc4 39. Qd2 Rxc1 40. Rxc1 Nxc5 41. Rd1 Kf7 42. Qc2 g6 43. Qc1 Qe7 44. Kh2
Kg7 45. Qf4 h5 46. Qf3 Qe6 47. Rd8 Rd5 48. Ra8 Qe5 49. Kg1 Qe1+ 50. Nf1 Ne4
51. Ra7+ Kf8 52. Qf4 Qxf2+ 53. Qxf2 Nxf2 54. Kxf2 Rd1 55. Rc7 Rb1 56. Rxc6
Rxb2+ 57. Kg1 Kf7 58. Rb6 Rb3 59. Rc6 Rb2 60. Rb6 Rb3 1/2-1/2

[Event "Drogheda Congress (Thomson Masters) 2023"]
[Site "Drogheda IRL"]
[Date "2023.06.05"]
[Round "6.3"]
[White "Hushpit, Lukian"]
[Black "Mulay, Pratik"]
[Result "1/2-1/2"]
[WhiteElo "1884"]
[BlackElo "1998"]
[WhiteICU "1888"]
[WhiteNationality "UKR"]
[BlackNationality "IND"]
[WhiteFideId "14189208"]
[BlackFideId "5059690"]
[PlyCount "36"]
[EventDate "2023.06.03"]
[Source "Live boards"]

{ Event information: <a href="../pairings_drogheda2023.html">Tournament
report</a>. }

1. e4 d6 2. d4 Nf6 3. Nc3 e5 4. dxe5 dxe5 5. Bg5 Qxd1+ 6. Rxd1 c6 7. Nf3
Bg4 8. Be2 Nbd7 9. O-O Bb4 10. Bxf6 gxf6 11. Nb1 Be6 12. c3 Be7 13. a3 a5
14. Nh4 Nc5 15. f3 Bb3 16. Rd2 Be6 17. Rdd1 Bb3 18. Rd2 Be6 1/2-1/2

[Event "Drogheda Congress (Thomson Masters) 2023"]
[Site "Drogheda IRL"]
[Date "2023.06.05"]
[Round "6.4"]
[White "Putar, Leon"]
[Black "Putar, Lara"]
[Result "1-0"]
[WhiteElo "2081"]
[BlackElo "1975"]
[WhiteICU "2047"]
[BlackICU "1990"]
[WhiteClub "St. Benildus"]
[BlackClub "St. Benildus"]
[WhiteNationality "IRL"]
[BlackNationality "IRL"]
[WhiteFideId "14546612"]
[BlackFideId "14546604"]
[PlyCount "134"]
[EventDate "2023.06.03"]
[Source "Live boards"]

{ Event information: <a href="../pairings_drogheda2023.html">Tournament
report</a>. }

1. e4 e6 2. d4 d5 3. Nc3 Bb4 4. e5 c5 5. a3 Bxc3+ 6. bxc3 Qa5 7. Bd2 Qa4 8.
Qg4 Kf8 9. Qd1 b6 10. f4 Ba6 11. Nf3 Bxf1 12. Rxf1 Ne7 13. g4 Nbc6 14. Be3
cxd4 15. Bxd4 Rc8 16. Qd3 h5 17. h3 hxg4 18. hxg4 Rh3 19. Kd2 Ng6 20. Rh1
Rg3 21. Rag1 Rxg1 22. Rxg1 Na5 23. Ng5 Nc4+ 24. Ke1 Nxa3 25. Kd1 Nxf4 26.
Qd2 Nb1 27. Qxf4 Nxc3+ 28. Ke1 Qa1+ 29. Kd2 Ne4+ 30. Kd3 Qa6+ 31. Ke3 Qa3+
32. c3 Rxc3+ 33. Bxc3 Qxc3+ 34. Ke2 Qc2+ 35. Kf1 Qd1+ 36. Kg2 Qe2+ 37. Kh3
Qd3+ 38. Kh4 Nxg5 39. Qxg5 Qh7+ 40. Kg3 Qd3+ 41. Kh2 Qh7+ 42. Qh5 Qc2+ 43.
Rg2 Qe4 44. Rf2 g6 45. Qh8+ Ke7 46. Qf6+ Kd7 47. Qxf7+ Kc6 48. Qxe6+ Kc5
49. Qd6+ Kc4 50. e6 d4 51. e7 Qe3 52. Qc6+ Kb4 53. Qd6+ Kc4 54. Qf6 Kb4 55.
Qf4 Qxe7 56. Qxd4+ Kb5 57. Qd5+ Qc5 58. Qxc5+ Kxc5 59. Rf6 a5 60. Rxg6 a4
61. Rg8 b5 62. g5 a3 63. g6 b4 64. g7 b3 65. Rc8+ Kd4 66. g8=Q b2 67. Qc4+
Ke3 1-0

[Event "Drogheda Congress (Thomson Masters) 2023"]
[Site "Drogheda IRL"]
[Date "2023.06.05"]
[Round "6.5"]
[White "Campos Calvo-Sotelo, Juan"]
[Black "Singpurwala, Kevin"]
[Result "1-0"]
[WhiteElo "1849"]
[BlackElo "1847"]
[BlackICU "1792"]
[BlackClub "Dublin"]
[WhiteNationality "ESP"]
[BlackNationality "IRL"]
[WhiteFideId "2251540"]
[BlackFideId "2508583"]
[PlyCount "105"]
[EventDate "2023.06.03"]
[Source "Live boards"]

{ Event information: <a href="../pairings_drogheda2023.html">Tournament
report</a>. }

1. b4 e5 2. a3 a5 3. b5 d5 4. e3 Bd6 5. c4 Be6 6. cxd5 Bxd5 7. Nc3 Be6 8.
Ne4 Nf6 9. Nxd6+ cxd6 10. Bb2 Nbd7 11. Nf3 O-O 12. Be2 a4 13. d4 Bb3 14.
Qd2 e4 15. Ng5 h6 16. Nh3 Nb6 17. O-O d5 18. Rfc1 Qd6 19. Bc3 Rfc8 20. Bb4
Qd7 21. Bc5 Nc4 22. Bxc4 Bxc4 23. b6 Qb5 24. Nf4 g5 25. Rab1 Qa5 26. Qxa5
Rxa5 27. Be7 gxf4 28. Bxf6 Rc6 29. Be5 Ra6 30. Bc7 f3 31. gxf3 Rg6+ 32. Bg3
exf3 33. h4 Rgxb6 34. Rxb6 Rxb6 35. e4 Rc6 36. e5 Kg7 37. Kh2 Kg6 38. Bf4
Kf5 39. Be3 Kg4 40. Rg1+ Kxh4 41. Rg7 Rg6 42. Rxf7 Rg2+ 43. Kh1 Be2 44. Rf6
h5 45. Rh6 Bd3 46. e6 Bg6 47. e7 Be8 48. Rh8 Kh3 49. Rxe8 Rh2+ 50. Kg1 Rg2+
51. Kf1 Rh2 52. Ke1 Rh1+ 53. Kd2 1-0